000 00509nam a2200205Ia 4500
005 20250425160830.0
008 250425s9999 xx 000 0 und d
041 _aeng
082 _a551.303
100 _aPETTIJOHN, F. J
245 0 _aATLAS AND GLOSSARY OF PRIMARY SEDIMENTARY STRUCTURES
250 _aS.E.
260 _aEstados Unidos
_bSPRINGER
_c1964
260 _aNEW YORK
300 _a370
650 _aSEDIMENTOS(GEOLOGIA)
700 _aPOTTER, PAUL EDWIN
942 _c01
010 _a6361
999 _c197063
_d197063